| 000 | 01057nam a2200325 i 4500 | ||
|---|---|---|---|
| 005 | 20220317000145.0 | ||
| 007 | ta | ||
| 008 | 200428s2007 spaao gr 000 0 spa d | ||
| 020 | _a9788448156725 | ||
| 040 |
_aCO-BoRNBP _bspa _cCO-BoRNBP _erda |
||
| 041 | 1 |
_aspa _heng |
|
| 082 | 0 | 4 |
_a330 _bR61p |
| 100 | 1 |
_aFrank, Robert H. _eautor |
|
| 245 | 1 | 0 |
_aPrincipios de economía _cRobert H. Frank, Ben S. Bernanke ; traducción Esther Rabasco |
| 250 | _aTercera edición | ||
| 264 | 1 |
_aMadrid _bMcGraw-Hill _c2007 |
|
| 300 |
_axiii, 946, 42 páginas _bilustraciones, diagramas, fotografías _c27 cm |
||
| 336 |
_atexto _btxt _2rdacontent |
||
| 337 |
_asin mediación _bn _2rdamedia |
||
| 338 |
_avolumen _bnc _2rdacarrier |
||
| 534 | _tPrinciples of economics | ||
| 650 | 1 | 7 |
_aComercio internacional _2LEMB |
| 650 | 1 | 7 |
_aEconomía _2LEMB |
| 650 | 1 | 7 |
_aMercadeo _2LEMB |
| 650 | 1 | 7 |
_aMacroeconomia _2LEMB |
| 650 | 1 | 7 |
_aEconomía internacional _2LEMB |
| 700 | 1 |
_aBernanke, Ben S. _eautor _919314 |
|
| 700 | 1 |
_aRabasco, Esther _etraductor _9174567 |
|
| 942 |
_2ddc _cBK |
||
| 999 |
_c3257 _d3257 |
||